| 000 | 00836nam a2200229Ia 4500 | ||
|---|---|---|---|
| 003 | GCL | ||
| 008 | 140319s9999 xx 000 0 ara d | ||
| 040 |
_aGCL / _cGCL |
||
| 082 | 0 | 4 |
_a362.12 _bا ر |
| 100 | 1 | _aابراهيم عبدالهادى المليجى | |
| 245 | 1 | 0 |
_aالرعاية الطبية والتاهيلية من منظور الخدمة الاجتماعية / _cابراهيم عبدالهادى المليجى |
| 260 |
_a[S.N] : _bالمكتب الجامعى الحديث ، _c1991 |
||
| 300 | _a348 ص | ||
| 490 |
_aبطولات اسلامية _v0 |
||
| 650 | 0 | 4 | _aالرعاية الصحية |
| 650 | 0 | 4 | _aالخدمة الاجتماعية |
| 650 | 0 | 4 | _aالعلاج |
| 650 | 0 | 4 | _aالمستشفيات |
| 650 | 0 | 4 | _aالعيادات الطبية |
| 650 | 0 | 4 | _aالمراكز الطبية |
| 942 |
_2ddc _cBK |
||
| 999 |
_c56157 _d56157 |
||